000 00909nam a2200253Ia 4500
003 OSt
005 20220923212441.0
006 a|||||r|||| 00| 0
007 ta
008 220922b |||||||| |||| 00| 0 hin d
024 _a153,093
037 _cTextual
040 _aARTS
_cARTS
_bhin
041 _2hin
_ahin
082 _aO142,6M68x, 152K9
100 _aगोर्की, मैक्सिम
_9156271
245 0 _aव्यक्तित्व का विघटन
_b साहित्यिक निबन्ध
246 _aVyaktitva kā vighaṭana: sāhityik nibandha
260 _aदिल्ली
_b राजकमल प्रकाशन
_c1969
300 _a274 पृ.
_ccm.
650 _aहिन्दी साहित्य
_9156264
942 _hO142,6M68x, 152K9
_cTEXL
_2CC
999 _c308741
_d308741